<?xml version="1.0" encoding="UTF-8"?>
<record
    xmlns:xsi="http://www.w3.org/2001/XMLSchema-instance"
    xsi:schemaLocation="http://www.loc.gov/MARC21/slim http://www.loc.gov/standards/marcxml/schema/MARC21slim.xsd"
    xmlns="http://www.loc.gov/MARC21/slim">

  <leader>00925nmm a2200193 a 4500</leader>
  <datafield tag="020" ind1=" " ind2=" ">
    <subfield code="a">9788176493321</subfield>
  </datafield>
  <datafield tag="082" ind1=" " ind2=" ">
    <subfield code="a">543 KEA</subfield>
  </datafield>
  <datafield tag="100" ind1=" " ind2=" ">
    <subfield code="a">Kealey,D</subfield>
  </datafield>
  <datafield tag="245" ind1="1" ind2="0">
    <subfield code="a">Instant notes in analytical chemistry</subfield>
  </datafield>
  <datafield tag="250" ind1=" " ind2=" ">
    <subfield code="a">1st ed.</subfield>
  </datafield>
  <datafield tag="260" ind1=" " ind2=" ">
    <subfield code="a">India</subfield>
    <subfield code="b">Viva</subfield>
    <subfield code="c">2002</subfield>
  </datafield>
  <datafield tag="300" ind1=" " ind2=" ">
    <subfield code="a">1 online resource (352 p.)</subfield>
  </datafield>
  <datafield tag="500" ind1=" " ind2=" ">
    <subfield code="a">Kindle eBook.</subfield>
  </datafield>
  <datafield tag="520" ind1=" " ind2=" ">
    <subfield code="a">Instant Notes titles focus on core information and are designed to help undergraduate students come to grips with a subject quickly and easily. Instant Notes in Analytical Chemistry provides students with a thorough comprehension of analytical chemistry and its applications. This book supports the learning of principles and practice of analytical procedures. It also contains analytical techniques commonly used in laboratories today.</subfield>
  </datafield>
  <datafield tag="650" ind1=" " ind2=" ">
    <subfield code="a">chemistry</subfield>
  </datafield>
  <datafield tag="700" ind1=" " ind2=" ">
    <subfield code="a">Haines, P. J.</subfield>
  </datafield>
  <datafield tag="856" ind1="4" ind2="0">
    <subfield code="u">http://www.amazon.com/exec/obidos/ASIN/B000Q36U0A/chopaconline-20</subfield>
  </datafield>
  <datafield tag="942" ind1=" " ind2=" ">
    <subfield code="c">BK</subfield>
  </datafield>
  <datafield tag="999" ind1=" " ind2=" ">
    <subfield code="c">316</subfield>
    <subfield code="d">316</subfield>
  </datafield>
  <datafield tag="952" ind1=" " ind2=" ">
    <subfield code="0">0</subfield>
    <subfield code="1">0</subfield>
    <subfield code="7">0</subfield>
    <subfield code="8">NFIC</subfield>
    <subfield code="a">IC</subfield>
    <subfield code="b">IC</subfield>
    <subfield code="c">GEN</subfield>
    <subfield code="d">2015-03-02</subfield>
    <subfield code="l">26</subfield>
    <subfield code="m">2</subfield>
    <subfield code="o">543 KEA</subfield>
    <subfield code="p">004247</subfield>
    <subfield code="r">2026-04-28 06:40:52</subfield>
    <subfield code="s">2026-04-24</subfield>
    <subfield code="w">2015-03-02</subfield>
    <subfield code="y">BK</subfield>
  </datafield>
  <datafield tag="952" ind1=" " ind2=" ">
    <subfield code="0">0</subfield>
    <subfield code="1">0</subfield>
    <subfield code="7">0</subfield>
    <subfield code="8">NFIC</subfield>
    <subfield code="a">IC</subfield>
    <subfield code="b">IC</subfield>
    <subfield code="c">GEN</subfield>
    <subfield code="d">2015-03-02</subfield>
    <subfield code="g">554.00</subfield>
    <subfield code="l">27</subfield>
    <subfield code="m">1</subfield>
    <subfield code="o">543 KEA</subfield>
    <subfield code="p">004676</subfield>
    <subfield code="r">2024-08-02 14:04:24</subfield>
    <subfield code="s">2024-06-02</subfield>
    <subfield code="w">2015-03-02</subfield>
    <subfield code="y">BK</subfield>
  </datafield>
  <datafield tag="952" ind1=" " ind2=" ">
    <subfield code="0">0</subfield>
    <subfield code="1">0</subfield>
    <subfield code="7">0</subfield>
    <subfield code="8">NFIC</subfield>
    <subfield code="a">IC</subfield>
    <subfield code="b">IC</subfield>
    <subfield code="c">GEN</subfield>
    <subfield code="d">2015-03-02</subfield>
    <subfield code="g">554.00</subfield>
    <subfield code="l">0</subfield>
    <subfield code="o">543 KEA</subfield>
    <subfield code="p">003809</subfield>
    <subfield code="r">2015-03-02 00:00:00</subfield>
    <subfield code="w">2015-03-02</subfield>
    <subfield code="y">REF</subfield>
  </datafield>
  <datafield tag="952" ind1=" " ind2=" ">
    <subfield code="0">0</subfield>
    <subfield code="1">0</subfield>
    <subfield code="7">0</subfield>
    <subfield code="8">NFIC</subfield>
    <subfield code="a">IC</subfield>
    <subfield code="b">IC</subfield>
    <subfield code="c">GEN</subfield>
    <subfield code="d">2015-03-02</subfield>
    <subfield code="g">554.00</subfield>
    <subfield code="l">0</subfield>
    <subfield code="o">543 KEA</subfield>
    <subfield code="p">004246</subfield>
    <subfield code="r">2015-03-02 00:00:00</subfield>
    <subfield code="w">2015-03-02</subfield>
    <subfield code="y">REF</subfield>
  </datafield>
  <datafield tag="952" ind1=" " ind2=" ">
    <subfield code="0">0</subfield>
    <subfield code="1">0</subfield>
    <subfield code="7">0</subfield>
    <subfield code="8">NFIC</subfield>
    <subfield code="a">MLCampus</subfield>
    <subfield code="b">IC</subfield>
    <subfield code="d">2015-03-02</subfield>
    <subfield code="l">36</subfield>
    <subfield code="m">2</subfield>
    <subfield code="o">543 KEA</subfield>
    <subfield code="p">004248</subfield>
    <subfield code="r">2026-04-29 07:07:13</subfield>
    <subfield code="s">2026-03-31</subfield>
    <subfield code="w">2015-03-02</subfield>
    <subfield code="y">BK</subfield>
  </datafield>
</record>
